000 00865nam a22002531u 4500
001 06286
003 HDC
007 cr cn ---aaaaa
008 210123p2006 my ||||| |||| 00| 0 eng
040 _aHDC
245 0 _aSME Annual Report 2006. Appendix 2: List of Key Programmes for SME Development in 2007
260 _a[No place] :
_b[publisher not identified] ,
_c2006
300 _a27 pages
336 _atext
_2rdacontent
337 _acomputer
_2rdamedia
338 _aonline resource
_2rdacarrier
500 _aIncludes bibliographical references
650 _aSME sector
_96488
650 _aSMEs in agriculture
_96627
856 _zRequest full-text at [email protected]
942 _2lcc
942 _cEIS
942 _kAREP 000210
999 _c3610
_d3610